[Event "Florianopolis op 10th"]
[Site "Florianopolis"]
[Date "2024.01.22"]
[Round "4"]
[White "Rahn, Marlon Cristiano"]
[Black "Gomes, Genildo de Souza"]
[Result "0-1"]
[WhiteElo "1295"]
[BlackElo "1560"]
[PlyCount "114"]
[EventDate "2024.01.20"]
[EventType "swiss"]
[EventRounds "10"]
[EventCountry "BRA"]
[SourceTitle "CB05_2024"]
[SourceDate "2024.01.31"]
[SourceVersion "1"]
[SourceVersionDate "2024.01.31"]
[SourceQuality "1"]

1. c4 e6 2. g3 Nf6 3. Bg2 c5 4. Nf3 Nc6 5. d3 d5 6. cxd5 Nxd5 7. Nc3 g6 8. 0-0 Bg7 9. Bd2 0-0 10. Rb1 Rb8 11. a3 b5 12. Nxd5 exd5 13. b4 c4 14. dxc4 bxc4 15. Rc1 Be6 16. e3 Bb2 17. Ra1 Bxa1 18. Qxa1 a5 19. Rb1 axb4 20. axb4 Rb5 21. Bc3 f6 22. Nd2 Ne5 23. Bxe5 fxe5 24. Qxe5 Qf6 25. Qxf6 Rxf6 26. Nf3 Bf5 27. Nd4 Bxb1 28. Nxb5 Be4 29. Bxe4 dxe4 30. Nc3 Re6 31. Kg2 Kg7 32. b5 Kf6 33. b6 Ke5 34. Na4 Kd6 35. b7 Re8 36. Nc3 Kc7 37. f3 exf3+ 38. Kxf3 Kxb7 39. e4 Kc6 40. Kf4 h6 41. h4 Kc5 42. Ke3 Kb4 43. Nd5+ Kb3 44. Kd4 Rd8 45. Ke3 c3 46. Nxc3 Kxc3 47. e5 Re8 48. Ke4 Kc4 49. g4 Rd8 50. e6 Rd6 51. Ke5 Rd8 52. Kf6 Kd5 53. e7 Re8 54. Kxg6 Rxe7 55. Kxh6 Rf7 56. h5 Rf6+ 57. Kh7 Ke6 0-1

[Event "Florianopolis op 09"]
[Site "Florianopolis"]
[Date "2021.09.25"]
[Round "2"]
[White "Pereira, Armando Scharlau"]
[Black "Rahn, Marlon Cristiano"]
[Result "0-1"]
[WhiteElo "1704"]
[BlackElo "1183"]
[PlyCount "84"]
[EventDate "2021.09.24"]
[EventType "swiss"]
[EventRounds "6"]
[EventCountry "BRA"]
[SourceTitle "EXT 2023"]
[Source "ChessBase"]
[SourceDate "2022.10.05"]
[SourceVersion "1"]
[SourceVersionDate "2022.10.05"]
[SourceQuality "1"]

1. b3 c5 2. Bb2 e6 3. e3 Nf6 4. f4 a6 5. Nf3 d6 6. Be2 Be7 7. 0-0 Nbd7 8. d3 b5 9. Qd2 Bb7 10. Nc3 0-0 11. Nd1 Re8 12. Nf2 Nf8 13. e4 Ng6 14. Rae1 h6 15. Nd1 b4 16. Nf2 a5 17. Nh1 Nh5 18. g3 Nf6 19. Nf2 a4 20. h4 Nh5 21. Kh2 Nxg3 22. Kxg3 Bxh4+ 23. Kg2 Kf8 24. Rh1 e5 25. fxe5 dxe5 26. Reg1 Nf4+ 27. Kf1 Bf6 28. Ng4 Nxe2 29. Kxe2 axb3 30. axb3 Ra2 31. Bxe5 Bxe5 32. Ngxe5 Qd6 33. Nc4 Qf6 34. Ne3 Rd8 35. Ng4 Qa6 36. Qc1 Bxe4 37. Nf2 Bxd3+ 38. Ke3 Rxc2 39. Qa1 Qe6+ 40. Kf4 Rc3 41. Qa5 Qf6+ 42. Kg3 Be2 0-1

[Event "Rio Negrinho Froebel op"]
[Site "Rio Negrinho"]
[Date "2021.07.10"]
[Round "4"]
[White "Calcada, Henrique Galvan"]
[Black "Rahn, Marlon Cristiano"]
[Result "1-0"]
[WhiteElo "1314"]
[BlackElo "1178"]
[PlyCount "81"]
[EventDate "2021.07.09"]
[EventType "swiss"]
[EventRounds "6"]
[EventCountry "BRA"]
[SourceTitle "EXT 2022"]
[Source "ChessBase"]
[SourceDate "2021.10.06"]
[SourceVersion "1"]
[SourceVersionDate "2021.10.06"]
[SourceQuality "1"]

1. Nf3 c5 2. c4 e6 3. g3 Nf6 4. Bg2 Be7 5. 0-0 0-0 6. b3 d6 7. Bb2 Nbd7 8. d4 cxd4 9. Nxd4 Ne5 10. Nf3 Ng6 11. Qc2 Bd7 12. Rd1 Qc7 13. e4 e5 14. Nc3 Rac8 15. Qe2 a6 16. Rac1 Rfd8 17. h3 h6 18. Ne1 Qb8 19. Nc2 b5 20. Ne3 bxc4 21. Nxc4 Bb5 22. Nxb5 Qxb5 23. Qf1 Qb7 24. Qe1 Rd7 25. Rd2 Rcd8 26. Rcd1 d5 27. exd5 Nxd5 28. Nxe5 Nxe5 29. Qxe5 Bf6 30. Qe4 Re7 31. Qf3 Bxb2 32. Rxb2 Rdd7 33. Rxd5 Rxd5 34. Qxd5 Re1+ 35. Kh2 Qb4 36. Qd2 Qe7 37. Qd3 g6 38. Qxa6 Rc1 39. Qe2 Qd6 40. Qd2 Qc5 41. b4 1-0

[Event "Rio Negrinho Froebel op"]
[Site "Rio Negrinho"]
[Date "2021.07.09"]
[Round "2"]
[White "Gomes, Lorenzo Bevervanco"]
[Black "Rahn, Marlon Cristiano"]
[Result "0-1"]
[WhiteElo "1416"]
[BlackElo "1178"]
[PlyCount "56"]
[EventDate "2021.07.09"]
[EventType "swiss"]
[EventRounds "6"]
[EventCountry "BRA"]
[SourceTitle "EXT 2022"]
[Source "ChessBase"]
[SourceDate "2021.10.06"]
[SourceVersion "1"]
[SourceVersionDate "2021.10.06"]
[SourceQuality "1"]

1. e4 b6 2. d4 Bb7 3. Nc3 e6 4. Nf3 Bb4 5. Bd2 Bxc3 6. Bxc3 Bxe4 7. Bd3 Bb7 8. 0-0 Nf6 9. Ne5 d6 10. Ng4 Nbd7 11. Re1 c5 12. Bb5 0-0 13. Bxd7 Nxd7 14. dxc5 Nxc5 15. f4 Ne4 16. Bd4 Qh4 17. h3 f5 18. Nh2 Qxf4 19. Nf3 e5 20. Be3 Qg3 21. Qe2 f4 22. Nd2 fxe3 23. Nxe4 Bxe4 24. Qc4+ d5 25. Qe2 Rf2 26. Qxf2 exf2+ 27. Kf1 fxe1Q+ 28. Rxe1 Qxg2# 0-1

[Event "Florianopolis op 7th"]
[Site "Florianopolis"]
[Date "2021.01.19"]
[Round "3"]
[White "Marcondes, Igor Dalcol"]
[Black "Rahn, Marlon Cristiano"]
[Result "1-0"]
[WhiteElo "1741"]
[BlackElo "1181"]
[PlyCount "51"]
[EventDate "2021.01.18"]
[EventType "swiss"]
[EventRounds "10"]
[EventCountry "BRA"]
[SourceTitle "CBM 200 Extra"]
[Source "ChessBase"]
[SourceDate "2021.03.31"]
[SourceVersion "1"]
[SourceVersionDate "2021.03.31"]
[SourceQuality "1"]

1. e4 c5 2. Nf3 e6 3. d4 cxd4 4. Nxd4 a6 5. Nc3 b5 6. a3 Bb7 7. Bd3 Bc5 8. Be3 d6 9. Qd2 Nf6 10. Nb3 Bxe3 11. Qxe3 Nc6 12. f4 h6 13. 0-0 0-0 14. Rad1 Ng4 15. Qe2 Qb6+ 16. Kh1 Ne3 17. Rf3 Nxd1 18. Nxd1 Ne7 19. Rg3 Ng6 20. Qg4 e5 21. f5 Bc8 22. Qh5 Nf4 23. Qxh6 Nh5 24. f6 g6 25. Qxh5 d5 26. Rxg6+ 1-0

[Event "Sao Bento do Sul op 4th"]
[Site "Sao Bento do Sul"]
[Date "2020.10.31"]
[Round "1"]
[White "Rahn, Marlon Cristiano"]
[Black "Peroza, Eduardo Antunes"]
[Result "0-1"]
[WhiteElo "1179"]
[BlackElo "1830"]
[PlyCount "54"]
[EventDate "2020.10.31"]
[EventType "swiss"]
[EventRounds "6"]
[EventCountry "BRA"]
[SourceTitle "EXT 2022"]
[Source "ChessBase"]
[SourceDate "2021.10.06"]
[SourceVersion "1"]
[SourceVersionDate "2021.10.06"]
[SourceQuality "1"]

1. e4 c5 2. Nf3 e6 3. Bc4 a6 4. c3 b5 5. Bb3 Bb7 6. Bc2 d6 7. d4 Nd7 8. 0-0 Ngf6 9. Bg5 Be7 10. Re1 h6 11. Bh4 0-0 12. Nbd2 Rc8 13. Nf1 Qc7 14. Rc1 Rfd8 15. h3 Nf8 16. Qe2 Ng6 17. Bg3 e5 18. d5 Rf8 19. b3 Qa5 20. Bb1 Ra8 21. N3h2 Bc8 22. Ne3 Kh7 23. Neg4 Nh5 24. Qf3 Bg5 25. Re2 Nxg3 26. fxg3 f5 27. Rf2 fxg4 0-1

[Event "Florianopolis op 6th"]
[Site "Florianopolis"]
[Date "2020.01.24"]
[Round "7"]
[White "Dos Santos, Paulo H Maximo"]
[Black "Rahn, Marlon Cristiano"]
[Result "1/2-1/2"]
[WhiteElo "1486"]
[BlackElo "1174"]
[PlyCount "90"]
[EventDate "2020.01.20"]
[EventType "swiss"]
[EventRounds "10"]
[EventCountry "BRA"]
[SourceTitle "CBM 194 Extra"]
[Source "ChessBase"]
[SourceDate "2020.03.31"]
[SourceVersion "1"]
[SourceVersionDate "2020.03.31"]
[SourceQuality "1"]

1. c4 e5 2. Nc3 d6 3. g3 f5 4. Bg2 Nf6 5. e3 c6 6. d4 e4 7. d5 c5 8. Nge2 Nbd7 9. Nf4 Nb6 10. b3 Be7 11. Bb2 0-0 12. h4 Ng4 13. h5 Nd7 14. Ne6 Qa5 15. Nxf8 Nxf8 16. Qd2 Bf6 17. Na4 Qxd2+ 18. Kxd2 Bxb2 19. Nxb2 Nxf2 20. Rhf1 Ng4 21. Bh3 Nh2 22. Rf2 Nf3+ 23. Kc3 Bd7 24. Nd1 a5 25. Kb2 a4 26. Nc3 Ne5 27. Rff1 a3+ 28. Kc2 g6 29. hxg6 hxg6 30. Nd1 Nh7 31. Nf2 Ng5 32. Nd1 Nh7 33. Nf2 Ng5 34. Rab1 Kg7 35. b4 Nxc4 36. bxc5 Nxe3+ 37. Kd2 Nc4+ 38. Kc3 Na5 39. cxd6 Rc8+ 40. Kd2 Nc4+ 41. Ke2 Nxd6 42. Rb3 Rc2+ 43. Ke3 Nb5 44. g4 Kf6 45. gxf5 gxf5 1/2-1/2

[Event "Florianopolis op 6th"]
[Site "Florianopolis"]
[Date "2020.01.23"]
[Round "5"]
[White "Campagnolo, Bruna1111"]
[Black "Rahn, Marlon Cristiano"]
[Result "0-1"]
[WhiteElo "1317"]
[BlackElo "1174"]
[PlyCount "98"]
[EventDate "2020.01.20"]
[EventType "swiss"]
[EventRounds "10"]
[EventCountry "BRA"]
[SourceTitle "CBM 194 Extra"]
[Source "ChessBase"]
[SourceDate "2020.03.31"]
[SourceVersion "1"]
[SourceVersionDate "2020.03.31"]
[SourceQuality "1"]

1. e4 c5 2. Nf3 e6 3. d4 cxd4 4. Nxd4 a6 5. Nc3 d6 6. a3 Nd7 7. Bd3 Ngf6 8. Bg5 h6 9. Bh4 Be7 10. 0-0 Nc5 11. Re1 e5 12. Nf3 Be6 13. b4 Nxd3 14. Qxd3 b5 15. Rad1 Bc4 16. Qd2 0-0 17. Bxf6 Bxf6 18. Qxd6 Qc8 19. Qd2 Rd8 20. Qe3 Qb7 21. h3 Rac8 22. Rd2 Rxd2 23. Qxd2 Rd8 24. Qe3 Qc7 25. Nd2 Bg5 26. Qg3 Bxd2 27. Rd1 Bxc3 28. Rxd8+ Qxd8 29. Qxc3 Qd4 30. Qxd4 exd4 31. f4 f6 32. h4 Kf7 33. Kf2 Ke6 34. h5 f5 35. e5 Kd5 36. Kf3 Ke6 37. Kf2 Bd5 38. g3 Be4 39. Ke2 Bxc2 40. Kd2 d3 41. Ke3 Kd5 42. Kd2 Bb1 43. Kc1 Ba2 44. Kb2 Bc4 45. Kc3 Ke4 46. Kd2 Kd4 47. Ke1 Ke3 48. Kd1 Bb3+ 49. Ke1 d2+ 0-1

[Event "Sao Bento do Sul op"]
[Site "Sao Bento do Sul"]
[Date "2019.08.25"]
[Round "7"]
[White "Rahn, Marlon Cristiano"]
[Black "Ribeiro, Kauan Rafael"]
[Result "1-0"]
[WhiteElo "1163"]
[BlackElo "1041"]
[PlyCount "36"]
[EventDate "2019.08.23"]
[EventType "swiss"]
[EventRounds "7"]
[EventCountry "BRA"]
[SourceTitle "EXT 2020"]
[Source "ChessBase"]
[SourceDate "2019.10.17"]
[SourceVersion "1"]
[SourceVersionDate "2019.10.17"]
[SourceQuality "1"]

1. c4 e5 2. g3 Nc6 3. Bg2 Nge7 4. e3 Nf5 5. Ne2 Qf6 6. 0-0 h5 7. Nbc3 h4 8. Nd5 Qd6 9. e4 hxg3 10. fxg3 Qc5+ 11. Rf2 Bd6 12. exf5 b6 13. b3 Rxh2 14. Kxh2 Qxf2 15. Qf1 Qxf1 16. Bxf1 f6 17. Bb2 Bb7 18. Ba3 0-0-0 1-0

[Event "Sao Bento do Sul op"]
[Site "Sao Bento do Sul"]
[Date "2019.08.24"]
[Round "5"]
[White "Darcanal, Emanuele1111"]
[Black "Rahn, Marlon Cristiano"]
[Result "0-1"]
[WhiteElo "1071"]
[BlackElo "1163"]
[PlyCount "92"]
[EventDate "2019.08.23"]
[EventType "swiss"]
[EventRounds "7"]
[EventCountry "BRA"]
[SourceTitle "EXT 2020"]
[Source "ChessBase"]
[SourceDate "2019.10.17"]
[SourceVersion "1"]
[SourceVersionDate "2019.10.17"]
[SourceQuality "1"]

1. d4 d5 2. Bf4 Nf6 3. Nf3 e6 4. e3 Be7 5. Be2 0-0 6. 0-0 Nbd7 7. c4 c5 8. Nc3 b6 9. b3 Bb7 10. a4 a6 11. Ne5 cxd4 12. exd4 Bb4 13. Nxd7 Qxd7 14. Nb1 dxc4 15. Bxc4 Qc6 16. f3 a5 17. Bd2 Bd6 18. Be1 Qc7 19. g3 Rfd8 20. Bf2 Nh5 21. Kg2 Nf6 22. Na3 Bb4 23. Nb5 Qc6 24. Be2 Qd7 25. Rc1 Nd5 26. Be1 Ne3+ 27. Kg1 Nxd1 28. Rxd1 Bxe1 29. Rfxe1 Ba6 30. Kg2 Bxb5 31. Bxb5 Qd6 32. Re2 Qb4 33. Rb2 Rxd4 34. Rxd4 Qxd4 35. Rb1 Rd8 36. Rf1 h6 37. Rf2 Qb4 38. Rb2 Rd2+ 39. Rxd2 Qxd2+ 40. Kg1 Qe3+ 41. Kh1 Qxf3+ 42. Kg1 Qxb3 43. Kf1 g5 44. h4 Qxg3 45. hxg5 hxg5 46. Bc6 Kg7 0-1

[Event "Sao Bento do Sul op 07"]
[Site "Sao Bento do Sul"]
[Date "2019.07.14"]
[Round "7"]
[White "Mallon, Felipe Gustavo"]
[Black "Rahn, Marlon Cristiano"]
[Result "1-0"]
[WhiteElo "1489"]
[BlackElo "1131"]
[PlyCount "83"]
[EventDate "2019.07.12"]
[EventType "swiss"]
[EventRounds "7"]
[EventCountry "BRA"]
[SourceTitle "CBM 195 Extra"]
[Source "ChessBase"]
[SourceDate "2020.05.31"]
[SourceVersion "1"]
[SourceVersionDate "2020.05.31"]
[SourceQuality "1"]

1. e4 c5 2. Nf3 Nc6 3. d4 cxd4 4. Nxd4 e5 5. Nb5 d6 6. N1c3 a6 7. Na3 Nf6 8. Bc4 Be7 9. Bb3 Nd4 10. Be3 Nxb3 11. cxb3 b5 12. Nc2 Bb7 13. Nd5 Nxe4 14. Bb6 Qc8 15. Ncb4 Qf5 16. f3 Bh4+ 17. g3 Nxg3 18. hxg3 Bxg3+ 19. Bf2 Bxf2+ 20. Kxf2 Rc8 21. Rc1 e4 22. Rxc8+ Bxc8 23. Re1 Qh5 24. Rxe4+ Be6 25. Qc1 Qh2+ 26. Ke3 Qh6+ 27. f4 0-0 28. Kd4 a5 29. Nc6 Qh2 30. Qc3 Qg1+ 31. Re3 Qd1+ 32. Qd3 Qh5 33. f5 Qg4+ 34. Kc3 b4+ 35. Kd2 Bd7 36. Rg3 Qh4 37. Nde7+ Kh8 38. Qxd6 Qh2+ 39. Kd3 Qh1 40. Ng6+ hxg6 41. Qxf8+ Kh7 42. fxg6+ 1-0

[Event "Sao Bento do Sul op 07"]
[Site "Sao Bento do Sul"]
[Date "2019.07.13"]
[Round "5"]
[White "Rahn, Marlon Cristiano"]
[Black "Calcada, Henrique Galvan"]
[Result "1-0"]
[WhiteElo "1131"]
[BlackElo "1341"]
[PlyCount "125"]
[EventDate "2019.07.12"]
[EventType "swiss"]
[EventRounds "7"]
[EventCountry "BRA"]
[SourceTitle "CBM 195 Extra"]
[Source "ChessBase"]
[SourceDate "2020.05.31"]
[SourceVersion "1"]
[SourceVersionDate "2020.05.31"]
[SourceQuality "1"]

1. c4 Nf6 2. g3 g6 3. Bg2 Bg7 4. Nc3 0-0 5. e4 d6 6. Nge2 e5 7. d3 a5 8. 0-0 Na6 9. a3 Nc5 10. Bg5 h6 11. Bxf6 Qxf6 12. Nd5 Qd8 13. f4 c6 14. Ndc3 Qb6 15. Rb1 Nxe4+ 16. Kh1 Nf2+ 17. Rxf2 Qxf2 18. Ne4 Qb6 19. Nxd6 exf4 20. Nxf4 Rd8 21. Ne4 Bf5 22. c5 Qc7 23. Nd6 Qd7 24. Nxf5 Qxf5 25. Be4 Qe5 26. Qb3 Qxc5 27. Bxg6 Qe7 28. Be4 Kf8 29. Rf1 a4 30. Qc4 Rd4 31. Ng6+ Ke8 32. Bxc6+ Kd8 33. Qxd4+ Bxd4 34. Nxe7 Kxe7 35. Bxb7 Rb8 36. Bd5 f6 37. Rf4 Bxb2 38. Rxa4 Rc8 39. Bc4 Rd8 40. Ra7+ Rd7 41. Rxd7+ Kxd7 42. Bb5+ Kc7 43. a4 Bc3 44. g4 Kd6 45. Kg2 Ke5 46. Kf3 Bb4 47. h4 Be1 48. h5 f5 49. d4+ Kxd4 50. gxf5 Ke5 51. Kg4 Bd2 52. Bd7 Kf6 53. Be8 Ba5 54. Bg6 Bc3 55. Kf4 Ke7 56. Ke4 Kd6 57. Kd3 Bf6 58. Kc4 Kc6 59. Be8+ Kb6 60. Kd5 Kc7 61. Ke6 Bg5 62. f6 Bxf6 63. Kxf6 1-0

[Event "Sao Bento do Sul op 05"]
[Site "Sao Bento do Sul"]
[Date "2019.05.19"]
[Round "7"]
[White "Rahn, Marlon Cristiano"]
[Black "Cunha, Gustavo Mengarda"]
[Result "1-0"]
[WhiteElo "1149"]
[BlackElo "1071"]
[PlyCount "73"]
[EventDate "2019.05.17"]
[EventType "swiss"]
[EventRounds "7"]
[EventCountry "BRA"]
[SourceTitle "CBM 195 Extra"]
[Source "ChessBase"]
[SourceDate "2020.05.31"]
[SourceVersion "1"]
[SourceVersionDate "2020.05.31"]
[SourceQuality "1"]

1. c4 e5 2. Nc3 Nf6 3. g3 g6 4. Bg2 Bg7 5. Nf3 0-0 6. d3 d6 7. 0-0 Bf5 8. Bg5 Nbd7 9. Nd5 c6 10. e4 Bg4 11. Ne3 Bxf3 12. Bxf3 Qc8 13. Ng4 Qe8 14. Nh6+ Kh8 15. d4 Bxh6 16. Bxh6 Rg8 17. dxe5 dxe5 18. Qd6 Qb8 19. Qe7 Qe8 20. Qd6 Qd8 21. Rfd1 Nb6 22. Qxe5 Nxc4 23. Qc3 Nd6 24. e5 Nb5 25. Qe3 Nd5 26. Bxd5 cxd5 27. Bg5 Qf8 28. Bf6+ Rg7 29. Rxd5 Nc7 30. Bxg7+ Qxg7 31. Rd7 Ne6 32. Rxb7 Nd8 33. Rxa7 Rxa7 34. Qxa7 Qxe5 35. Rd1 Ne6 36. Qxf7 Qe2 37. Rd8+ 1-0